| Tag |
First Indicator |
Second Indicator |
Subfields |
| LEADER |
00000cam a22000001i 4500 |
| 001 |
in00004162721 |
| 005 |
20200117101047.0 |
| 006 |
m d f |
| 007 |
cr bn mmmapmmp |
| 008 |
170921s2015 mdu o f000 0 eng d |
| 035 |
|
|
|a chdc20170891
|
| 040 |
|
|
|a UMI
|b eng
|e rda
|c UMI
|d UtOrBLW
|
| 043 |
|
|
|a n-us---
|
| 086 |
0 |
|
|a Y 4.W 36:114-FC 02
|
| 110 |
1 |
|
|a United States.
|b Congress.
|b House.
|b Committee on Ways and Means,
|e issuing body.
|0 http://id.loc.gov/authorities/names/n79017982
|
| 245 |
1 |
0 |
|a U.S. Trade Policy Agenda.
|
| 264 |
|
1 |
|a Bethesda, Md. :
|b ProQuest,
|c 2015.
|
| 300 |
|
|
|a 196 pages, digital, PDF file
|
| 336 |
|
|
|a text
|2 rdacontent
|b txt
|
| 337 |
|
|
|a computer
|b c
|2 rdamedia
|
| 338 |
|
|
|a online resource
|2 rdacarrier
|b cr
|
| 500 |
|
|
|a Record is based on bibliographic data in ProQuest U.S. Congressional Hearings Digital Collection. Reuse except for individual research requires license from ProQuest, LLC.
|
| 533 |
|
|
|a Electronic reproduction.
|b [Bethesda, Md.] :
|c ProQuest,
|d 2017.
|e digital, PDF file.
|n ProQuest Congressional Hearings Digital Collection.
|n Mode of access: World Wide Web via ProQuest website.
|
| 538 |
|
|
|a System requirements: PDF reader software.
|
| 650 |
|
0 |
|a International trade.
|0 http://id.loc.gov/authorities/subjects/sh87004890
|
| 651 |
|
0 |
|a United States
|x Commercial policy.
|0 http://id.loc.gov/authorities/subjects/sh85139978
|
| 776 |
0 |
8 |
|i Microfiche version:
|a United States. Congress. House. Committee on Ways and Means
|t U.S. Trade Policy Agenda
|o CIS 2017 H781-50
|w cis2017000118
|
| 856 |
4 |
0 |
|u http://proxy.library.tamu.edu/login?url=http://search.proquest.com/congcomp/getdoc?HEARING-ID=HRG-2015-WAM-0031
|y Electronic resource (PDF)
|z CIS 2017-H781-50
|t 0
|
| 998 |
|
|
|a cis20172615
|
| 999 |
f |
f |
|s 526d313b-95d1-30d6-b0db-0bded44fa556
|i 2ed79152-3200-324c-805b-c87d3f68b27f
|t 0
|
| 952 |
f |
f |
|a Texas A&M University
|b College Station
|c Electronic Resources
|d Available Online
|t 0
|e Y 4.W 36:114-FC 02
|h Superintendent of Documents classification
|
| 998 |
f |
f |
|a Y 4.W 36:114-FC 02
|t 0
|l Available Online
|